000 00437nam a2200181Ia 4500
001 24034
003 IN-NITTTR
005 20251114233309.0
008 251113s9999||||xx |||||||||||||| ||eng||
040 _beng
040 _cIN-NITTTR
041 _aeng
082 _aR778.535 R279T
100 _aReisz, Karel
245 4 _aThe technique of film editing /
_cReisz, Karel, Millar, Gavin
700 _a Millar, Gavin
942 _2ddc
_cBK
999 _c26663
_d26663